• 首页
  • 本馆介绍
  • 公告通知
  • 最新文献
  • 馆藏检索
  • 电子资源
  • 读者导购
  • 参考咨询
  • 我的图书馆
  • 登录
  • 详细信息显示
  • 放入我的书架
  • 预约/预借图书
  • 作者相关作品
  • 分类相关作品
  • 丛书相关作品
  • 出版社相关作品

书目信息

  • 表格格式
  • 工作单格式
  • 卡片格式
题名:
铁血宰相俾斯麦 上
    
 
作者: 鲁特维克, 著 ;闫妮 译
分册: 上  
出版信息: 武汉   华中科技大学出版社  2016
页数: 244页
开本: 24cm
丛书名:
单 册:
中图分类: K835.167=43 , K835.167
科图分类:
主题词: 政治人物--zheng zhi ren wu--人物研究--德国--近代
电子资源:
ISBN: 978-7-5680-1799-2
000 01193nam0 2200277 450
001 1775947146
005 20160919183420.4
010    @a978-7-5680-1799-2@dCNY29.50
100    @a20160919d2016 em y0chiy50 ea
101 1  @achi@cger
102    @aCN@b420000
105    @aa z 000yd
106    @ar
200 1  @a铁血宰相俾斯麦 上@Atie xue zai xiang bi si mai shang@h上@f(德) 艾密尔·鲁特维克著@g闫妮译
210    @a武汉@c华中科技大学出版社@d2016
215    @a244页@c图@d24cm
314    @a艾密尔·鲁特维克, 1881-1948, 德国作家, 20世纪著名的传记文学作家, 一生著述颇丰。
330    @a本书作者以大量的相关史料, 通过心理分析论著、引用大量的书信对话等多种文体形式来描绘俾斯麦传奇的一生, 为我们塑造了一个最为真实可信、有血有肉的俾斯麦。本书不但全方面展现了俾斯麦一生跌宕起伏的心路历程, 并且通过叙述俾斯麦也揭示了德意志帝国崛起的内在奥秘。
600  1 @a俾斯麦@Abi si mai@g(Bismarck, Otto),@f1815-1898@x人物研究
606 0  @a政治人物@Azheng zhi ren wu@x人物研究@y德国@z近代
690    @aK835.167=43@v5
690    @aK835.167@v4
701  1 @a鲁特维克,@Alu te wei ke@b埃密尔,@f1881-1948@4著
702  0 @a闫妮@Ayan ni@4译
801  0 @aCN@b人天书店@c20160919
905    @aBZT@dK835.167@e17-1
    
    铁血宰相俾斯麦 上.上/(德) 艾密尔·鲁特维克著/闫妮译.-武汉:华中科技大学出版社,2016
    244页:图;24cm
    
    
    ISBN 978-7-5680-1799-2:CNY29.50
    本书作者以大量的相关史料, 通过心理分析论著、引用大量的书信对话等多种文体形式来描绘俾斯麦传奇的一生, 为我们塑造了一个最为真实可信、有血有肉的俾斯麦。本书不但全方面展现了俾斯麦一生跌宕起伏的心路历程, 并且通过叙述俾斯麦也揭示了德意志帝国崛起的内在奥秘。
●
相关链接 在五车中查询图书 在当当中查询图书 在豆瓣中查询图书


正题名:铁血宰相俾斯麦 上     索取号:K835.167/17-1         预约/预借

序号 登录号 条形码 馆藏地/架位号 状态 备注
1 824542   2000824542   第二书库/ [索取号:K835.167/17-1] 在馆    
2 824543   2000824543   第二书库/ [索取号:K835.167/17-1] 在馆    
3 824544   2000824544   第二书库/ [索取号:K835.167/17-1] 在馆    
山东省滨州职业学院图书馆 欢迎您!
大连网信软件有限公司© 版权所有